2023 NASCAR Xfinity series winners - Statistics

General Stats
  • This quiz has been taken 16 times
  • The average score is 12 of 17
Answer Stats
Question Answer % Correct
Daytona Austin hill
100%
Nashville Aj allmendinger
80%
Sonoma aric almirola
80%
Las vegas Austin hill
80%
Atlanta Austin hill
80%
Richmond Chandler smith
80%
Talladega Jeb burton
80%
auto club (fontana) John hunter nemechek
80%
Martinsville John hunter nemechek
80%
New hampshire john hunter nemechek
80%
Dover Ryan truex
80%
Phoenix Sammy smith
80%
Circuit of the Americas Aj allmendinger
60%
Chicago street course Cole custer
60%
Darlington Kyle larson
60%
Portland Cole custer
40%
Atlanta John hunter nemechek
40%
No matching quizzes found
Score Distribution
Percent of People with Each Score
Percentile by Number Answered
Your Score History
You have not taken this quiz